000 00613nam a2200205Ia 4500
001 260
005 20251203123022.0
008 251203t9999||||xx |||||||||||||| ||spa||
041 _aESP
082 _a869.502
_bM84 T. 3
100 _a[Autor no identificado]
_c
245 0 _aMonografías :
_bTomo 3
260 _a[Lugar de publicación no identificado] :
_b[Editor no identificado],
_c[Fecha de publicación no identificada]
300 _a339 páginas :
_b láminas, ilustraciones ;
_c 24 cm.
_e
440 _a
_n
_v
650 _aLYR
653 _aLiteratura peruana
654 _aCTP
942 _cLIB
_dJUS
_fMAT
_2ddc
_n
999 _c260
_d260